Obchodovanie s Európou a v Európe : smernice a súvisiace normy /

Uloženo v:
Podrobná bibliografie
Další autoři: Pernecká, Ľubica (Překladatel)
Médium: Kniha
Jazyk:slovenština
angličtina
Vydáno: Bratislava : Slovenský ústav technickej normalizácie, 2002
Vydání:[1. vyd.]
Témata:
ISBN:808897108X
On-line přístup: Získat plný text
Tagy: Přidat tag
Žádné tagy, Buďte první, kdo vytvoří štítek k tomuto záznamu!

MARC

LEADER 00000nam a2200000 4500
003 SK-BrCVT
005 20220617222911.0
008 070612s2002 xo e ||||||slo d
020 |a 808897108X 
035 |a CVTIDW1407334 
040 |b slo  |a CVTI SR  |e AACR2 
041 1 |a slo  |h eng 
044 |a xo 
080 |a 006:33  |2 UDC-MRF 
245 1 0 |a Obchodovanie s Európou a v Európe :  |b smernice a súvisiace normy /  |c Preklad: Ľubica Pernecká 
250 |a [1. vyd.] 
260 |a Bratislava :  |b Slovenský ústav technickej normalizácie,  |c 2002 
300 |a 51 s. :  |b tab. ; 
500 |a Publikácia Riadiaceho strediska CEN 
653 1 |a Európska únia  |a jednotný trh  |a technická harmonizácia  |a európska norma  |a medzinárodný obchod 
700 1 |a Pernecká, Ľubica  |4 trl 
910 |b A602169 
919 |a 80-88971-08-X 
974 |f Knihy 
992 |a APH 
999 |c 152857  |d 152857